A Primer of Population Genetics

Bibliographic Details
Main Author: Hartl, Daniel L.
Format: Section = Libro
Language:Undetermined
Spanish
Published: Sinauer Associates INC 1981
Subjects:
LEADER 00542nam a2200205Ia 4500
008 240830s9999 xx 000 0 und d
020 |a 0-87893-271-2 
040 |a CEDOC FIQ-RUSB / 570 H331 
041 |a spa 
082 |a 570 H331 
100 1 |a Hartl, Daniel L. 
245 1 2 |a A Primer of Population Genetics 
260 |b Sinauer Associates INC  |c 1981 
300 |a 191 p.: il. 
650 7 |a CIENCIAS BIOLÓGICAS 
650 7 |b  VARIACIÓN GENÉTICA 
650 7 |c  LAS CAUSAS DE LA EVOLUCIÓN 
942 |c BK  |2 ddc 
991 |a TEXTO 
999 |c 27154